000 00487nam a22001697a 4500
005 20251108172044.0
008 250721s1981 xx 000 0 ara d
082 1 4 _a216,9/حسن
100 1 _aصعب، حسن
245 1 0 _aإسلام الحرية لا إسلام العبودية /
250 _aط3
264 1 _aبيروت :
_bدار العلم للملايين،
_c1981.
300 _a144ص
650 1 7 _aالأحكام السلطانية
942 _2ddc
_cBK
999 _c69282
_d69282